Public Services Service Failure in the Middle East
Súčasný stav v oblasti zlyhania služieb vo verejnej správe na Blízkom východe. Reakcie občanov na zlyhanie verejných služieb. Islamská administratíva a jej zakladanie sa na náboženských princípoch.
Enregistré dans:
| Auteur principal: | |
|---|---|
| Autres auteurs: | |
| Format: | Chapitre de livre |
| Langue: | anglais |
| Sujets: | |
| Tags: |
Pas de tags, Soyez le premier à ajouter un tag!
|
MARC
| LEADER | 00000naa$a2200000$$$4500 | ||
|---|---|---|---|
| 001 | 0281584 | ||
| 005 | 20240502074403.3 | ||
| 041 | 0 | |a eng | |
| 044 | |a SK | ||
| 245 | 1 | 0 | |a Public Services Service Failure in the Middle East |c Thomas Oliver Uitz, Heinrich Pfriemer |
| 520 | |a Súčasný stav v oblasti zlyhania služieb vo verejnej správe na Blízkom východe. Reakcie občanov na zlyhanie verejných služieb. Islamská administratíva a jej zakladanie sa na náboženských princípoch. | ||
| 610 | 2 | 0 | |a služby verejné |
| 610 | 2 | 0 | |a správa verejná |
| 610 | 2 | 0 | |a občania |
| 610 | 2 | 0 | |a vláda |
| 610 | 2 | 0 | |a islam |
| 610 | 2 | 0 | |a Blízky východ |
| 100 | 1 | |a Uitz, Thomas Oliver, 1981- | |
| 700 | 1 | |a Pfriemer, Heinrich, 1978- | |